| 000 | 00620cam a22001814a 4500 | ||
|---|---|---|---|
| 020 | _a0471428124 | ||
| 040 | _cDLC | ||
| 082 | 0 | 0 |
_a332 JOH 2004 A012 Or. _aB |
| 100 | 1 | _aTreaster, Joseph B. | |
| 245 | 1 | 0 |
_aPaul Volcker : _bthe making of a financial legend / |
| 260 |
_aHoboken, N.J. : _bJohn Wiley & Sons, _cc2004. |
||
| 300 |
_axii, 244 p. : _bill. ; _c24 cm. |
||
| 650 | 0 | _aEconomists | |
| 856 | 4 | 2 | _uhttp://www.loc.gov/catdir/bios/wiley047/2004000250.html |
| 856 | 4 | 2 | _uhttp://www.loc.gov/catdir/description/wiley041/2004000250.html |
| 856 | 4 | 1 | _uhttp://www.loc.gov/catdir/toc/ecip0413/2004000250.html |
| 942 | _cEK | ||
| 999 |
_c13924 _d13924 |
||